| 000 | 01207nam a22002897a 4500 | ||
|---|---|---|---|
| 005 | 20200104041626.0 | ||
| 008 | 140220b1995 -CN||||| |||| 00| 0 eng d | ||
| 020 | _a0662619579 | ||
| 041 |
_aeng _hfre _hspa |
||
| 044 | _acn | ||
| 082 | 0 | 4 |
_a598 _bL16c2 |
| 090 |
_aLB _b00501 |
||
| 110 | 1 |
_bCanadian Wildlife Sevice _98055 |
|
| 245 | 1 | 0 |
_aCITES identification guide - Crocodilians _bguide to the identification of crocodilian species controlled under the Convention on International Trade in Endangered Species of wild fauna and flora |
| 246 |
_aGuía de identificación de CITES - cocodrilos _bguía de identificación de las cocodrilos protegidos por la convención sobre el comercio internacional de especies amenazadas de fauna y flora silvestres |
||
| 260 |
_aOttawa _bMinister of Supply and Services _c1994 |
||
| 300 |
_a419 p. _bil. (col) _c28 cm. |
||
| 504 | _aIncluye índice de especies | ||
| 650 | 4 |
_aCocodrilos _924235 |
|
| 650 | 6 |
_aIdentificación de cocodrilos _924236 |
|
| 650 | 4 |
_aManuales _924237 |
|
| 650 | 6 |
_aCITES _92790 |
|
| 650 | 6 |
_aEspecies amenazadas _9157 |
|
| 650 | 6 |
_aComercio de especies silvestres _94725 |
|
| 710 |
_aBaie-Comeau College _924033 |
||
| 942 |
_cImpreso _2ddc _01 |
||
| 999 |
_c8449 _d8449 |
||